Eastern Utah Libraries Catalog: Duchesne, Heber, Roosevelt, & Vernal

Chimera : (Record no. 247265)

MARC details
000 -LEADER
fixed length control field 01029nam a22002415 4500
001 - CONTROL NUMBER
control field BK0020527899
005 - DATE AND TIME OF LATEST TRANSACTION
control field 20260115114413.0
008 - FIXED-LENGTH DATA ELEMENTS--GENERAL INFORMATION
fixed length control field 190420 eng
020 ## - INTERNATIONAL STANDARD BOOK NUMBER
International Standard Book Number 9781937133580 : HRD
Terms of availability 17.99
020 ## - INTERNATIONAL STANDARD BOOK NUMBER
International Standard Book Number 1937133583 : HRD
Terms of availability 17.99
037 ## - SOURCE OF ACQUISITION
Source of stock number/acquisition Chooseco Llc, Po Box 46, Waitsfield, VT, USA, 05673, (802)4962595
Note SAN 852-1131
040 ## - CATALOGING SOURCE
Description conventions rda
050 ## - LIBRARY OF CONGRESS CALL NUMBER
Classification number PZ
082 ## - DEWEY DECIMAL CLASSIFICATION NUMBER
Classification number FIC
092 ## - LOCALLY ASSIGNED DEWEY CALL NUMBER (OCLC)
Classification number young adult fiction
Item number Bell
100 ## - MAIN ENTRY--PERSONAL NAME
Personal name Bell, C. D.
9 (RLIN) 5793156
245 00 - TITLE STATEMENT
Title Chimera :
Remainder of title a Weregirl novel.
264 #1 - Production, Publication, Distribution, Manufacture, and Copyright Notice.
Name of producer, publisher, distributor, manufacturer Chooseco Llc,
Date of production, publication, distribution, manufacture, or copyr 2017.
Place of production, publication, distribution, manufacture Vermont :
300 ## - PHYSICAL DESCRIPTION
Extent 418 p. ;
490 ## - SERIES STATEMENT
Series statement Weregirl :
Volume number/sequential designation 2.
520 ## - SUMMARY, ETC.
Summary, etc CHIMERA, the gripping second book in C. D. Bell's bestselling WEREGIRL trilogy, takes you further into the world of werewolf superhero Nessa Kurland. Part mystery thriller, part fantasy romance, WEREGIRL: CHIMERA weaves together a story of love, family, and sacrifice. A tale of true courage, loyalty, and resilience. A teen werewolf book unlike any other.
942 ## - ADDED ENTRY ELEMENTS (KOHA)
Source of classification or shelving scheme Dewey Decimal Classification
Koha item type BOOK
Holdings
Withdrawn status Lost status Source of classification or shelving scheme Damaged status Not for loan Collection code Home library Current library Shelving location Date acquired Source of acquisition Cost, normal purchase price Total Checkouts Total Renewals Full call number Barcode Date last seen Date checked out Cost, replacement price Price effective from Koha item type
    Dewey Decimal Classification     Young Adult Fiction Wasatch County Library Wasatch County Library Main Floor Teen Area 12/13/2017   17.99 9 2 YA Bell 34301001511072 01/15/2026 01/07/2026 17.99 03/20/2020 BOOK
This project was made possible through a grant from the Institute of Museum and Library Service administered by the Utah State Library Division.

Wasatch County Library

  • 465 East 1200 South, Heber City, Utah 84032
  • Phone 435-654-1511 | Fax 435-654-6456

Hours

  • Monday - Friday 9:30 AM - 8:00 PM
  • Saturday 9:30 AM - 1:30 PM
  • Closed Sundays and Holidays